Поводыри на распутье: фантастический роман

Bibliografische gegevens
Hoofdauteur: Панов В. Ю. Вадим
Samenvatting:Когда-то Москва была столицей великой страны, потом она стала Анклавом, одним из многих, теперь ее тайны могут спасти прижатый к стенке мир. Мир, в котором властвует Цифра, нанотехнологии и генная инженерия позволяют добиваться невероятных результатов, а могущественные корпорации соперничают с одряхлевшими государствами. Мир, который отчаянно пытается найти дорогу в будущее. Мир, в котором борьба за власть достигла апогея...
Taal:Russisch
Gepubliceerd in: Москва, Эксмо, 2006
Reeks:Анклавы
Onderwerpen:
Formaat: Boek
KOHA link:https://koha.lib.tpu.ru/cgi-bin/koha/opac-detail.pl?biblionumber=103158

MARC

LEADER 00000nam0a2200000 4500
001 103158
005 20231031113318.0
010 |a 569917737X 
035 |a (RuTPU)RU\TPU\book\111229 
090 |a 103158 
100 |a 20061012d2006 m y0rusy50 ca 
101 0 |a rus 
102 |a RU 
105 |a y z 000ay 
200 1 |a Поводыри на распутье  |e фантастический роман  |f В. Ю. Панов 
210 |a Москва  |c Эксмо  |d 2006 
215 |a 480 с. 
225 1 |a Анклавы 
330 |a Когда-то Москва была столицей великой страны, потом она стала Анклавом, одним из многих, теперь ее тайны могут спасти прижатый к стенке мир. Мир, в котором властвует Цифра, нанотехнологии и генная инженерия позволяют добиваться невероятных результатов, а могущественные корпорации соперничают с одряхлевшими государствами. Мир, который отчаянно пытается найти дорогу в будущее. Мир, в котором борьба за власть достигла апогея... 
610 1 |a русская литература 
610 1 |a фантастика 
610 1 |a боевики 
675 |a Р2  |v 3 
700 1 |a Панов  |b В. Ю.  |g Вадим 
801 1 |a RU  |b 63413507  |c 20061012  |g PSBO 
801 2 |a RU  |b 63413507  |c 20070517  |g PSBO 
942 |c BK 
959 |a 89/20061012  |d 1  |e 150,48  |f ХФ:1